Pokémon di tipo Volante puro - Statistics

Statistiche generali
  • Questo quiz è stato fatto 8 volte
  • Il punteggio medio è 5 su 6
Statistiche sulle risposte
Numero Pokédex Nazionale Tipo Tipo Pokémon % Corretto
642 Volante Volante Tornadus (Forma Incarnazione)
100%
642 Volante Volante Tornadus (Forma Totem)
100%
493 Volante Volante Arceus (Volante)
83%
822 Volante Volante Corvisquire
67%
821 Volante Volante Rookidee
67%
773 Volante Volante Silvally (Tipo Volante)
50%
Nessun quiz corrispondente trovato
Distribuzione punteggi
Percentuale di utenti per punteggio
Percentile per numero di risposta
I tuoi punteggi nel tempo
Non hai fatto questo quiz